Every Survivor Contestant (21-40) - Statistics

General Stats
  • This quiz has been taken 250 times
    131 since last reset
  • The average score is 270 of 380
Answer Stats
Season Contestant No. Times Played Number of Wins % Correct
Rob Mariano 5 1
95%
Edna Ma 1
93%
John Cochran 2 1
93%
Sarah Dawson 1
93%
John Cody 1
92%
John Hennigan 1
92%
John Rocker 1
92%
Jon Misch 1
92%
Kellee Kim 1
92%
Kim Spradlin 2 1
92%
Kim Spradlin-Wolfe 2 1
92%
Russell Hantz 3
92%
Russell Swan 2
92%
Survivor: Worlds Apart So Kim 1
92%
Tony Vlachos 3 2
92%
Chris Hammons 1
90%
Chris Noble 1
90%
Christina Cha 1
90%
Chris Underwood 1 1
90%
Sarah Lacina 3 1
90%
Natalie Anderson 2 1
89%
Natalie Cole 1
89%
Natalie Tenerelli 1
89%
Spencer Bledsoe 2
89%
Ben "Benry" Henry 1
87%
Ben Driebergen 2 1
87%
Denise Stapley 2 1
87%
J.T. Thomas 3 1
87%
Malcolm Freberg 3
87%
Michael Skupin 2
87%
Tyson Apostol 4 1
87%
Adam Klein 2 1
85%
Andrea Boehlke 3
85%
Brad Culpepper 2
85%
Dan Foley 1
85%
Dan Lembo 1
85%
Dan Rengering 1
85%
Dan Spilo 1
85%
David Murphy 1
85%
Survivor: Cagayan David Samson 1
85%
David Wright 2
85%
Jeremy Collins 3 1
85%
Jeremy Crawford 1
85%
Kat Edorsson 2
85%
Michael Jefferson 1
85%
Michael Snow 1
85%
Michael Yerger 1
85%
Mike Chiesl 1
85%
Mike Holloway 1 1
85%
Mike White 1
85%
Mike Zahalsky 1
85%
Nick Maiorono 1
85%
Nick Wilson 2 1
85%
Sophie Clarke 2 1
85%
Abi-Maria Gomes 2
84%
Aubry Bracco 3
84%
Brenda Lowe 2
84%
Ciera Eastin 3
84%
Kass McQuillen 2
84%
Keith Nale 2
84%
Keith Sowell 1
84%
Keith Tollefson 1
84%
Kristina Kell 1
84%
Michele Fitzgerald 2 1
84%
Monica Culpepper 2
84%
Monica Padilla 2
84%
Ozzy Lusth 4
84%
Reed Kelly 1
84%
Sandra Diaz-Twine 4 2
84%
Tai Trang 2
84%
Woo Hwang 2
84%
Ali Elliott 1
82%
Caleb Bankston 1
82%
Caleb Reynolds 2
82%
Chase Rice 1
82%
Jim Rice 1
82%
Joe Anglim 3
82%
Joe del Campo 1
82%
Joe Mena 1
82%
Jud "Fabio" Birza 1 1
82%
Laura Alexander 1
82%
Laura Boneham 1
82%
Laura Morett 2
82%
Phillip Sheppard 2
82%
Survivor: Blood vs. Water Rupert Boneham 4
82%
Tasha Fox 2
82%
Troyzan Robertson 2
82%
Coach Wade 3
80%
Dawn Meehan 2
80%
Jeff Varner 3
80%
J'Tia Taylor 1
80%
Survivor: Millennials vs. Gen X Rachel Ako 1
80%
Rachel Foulger 1
80%
Wendell Holland 2 1
80%
Zeke Smith 2
80%
Colton Cumbie 2
79%
Gervase Peterson 2
79%
Hayden Moss 1
79%
Jeff Kent 1
79%
Kelly Bruno 1
79%
Kelly Remington 1
79%
Kelly Shinn 1
79%
Kelly Wiglesworth 2
79%
Michaela Bradshaw 2
79%
Morgan McLeod 1
79%
Morgan Ricke 1
79%
Parvati Shallow 4 1
79%
Trish Hegarty 1
79%
Vytas Baskauskas 2
79%
Alec Christy 1
77%
Survivor: Winners at War Amber Mariano 3 1
77%
Aras Baskauskas 2 1
77%
Cliff Robinson 1
77%
Jonathan Penner 3
77%
Kelley Wentworth 3
77%
Lisa Whelchel 1
77%
Sierra Dawn Thomas 2
77%
Tina Wesson 3 1
77%
Tom Laidlaw 1
77%
Brandon Hantz 2
75%
Cirie Fields 4
75%
Dale Wentworth 1
75%
Hannah Shapiro 1
75%
Jefra Bland 1
75%
Kara Kay 1
75%
Katie Collins 1
75%
Katie Hanson 1
75%
Ken McNickle 1
75%
Mari Takahashi 1
75%
Tarzan Smith 1
75%
Will Sims II 1
75%
Will Wahl 1
75%
Alec Merlino 1
74%
Alicia Rose 1
74%
Bret LaBelle 1
74%
Debbie Wanner 2
74%
Julia Carter 1
74%
Missy Byrd 1
74%
Missy Payne 1
74%
Tommy Sheehan 1 1
74%
Chelsea Meissner 1
72%
Chelsea Townsend 1
72%
Chelsea Walker 1
72%
Danni Boatwright 2 1
72%
Erik Reichenbach 2
72%
Ethan Zohn 3 1
72%
Survivor: Caramoan | Survivor: Redemption Island Francesca Hogi 2
72%
Jay Byars 1
72%
Jay Starrett 1
72%
Jenn Brown 1
72%
Laurel Johnson 1
72%
LJ McKanas 1
72%
Michelle Schubert 1
72%
Scot Pollard 1
72%
Sherri Biethman 1
72%
Stephen Fishbach 2
72%
Sunday Burquest 1
72%
Val Collins 1
72%
Wes Nale 1
72%
Ashley Nolan 1
70%
Ashley Underwood 1
70%
Bi Nguyen 1
70%
CeCe Taylor 1
70%
Christian Hubicki 1
70%
Domenick Abbate 1
70%
Garrett Adelstein 1
70%
Hali Ford 2
70%
Jessica Johnston 1
70%
Jessica Lewis 1
70%
Jessica Peet 1
70%
Kyle Jason 1
70%
Lindsey Cascaddan 1
70%
Lindsey Ogle 1
70%
Matt Bischoff 1
70%
Matt Quinlan 1
70%
Rick Devens 1
70%
Sabrina Thompson 1
70%
Andrew Savage 2
69%
Baylor Wilson 1
69%
Brice Johnston 1
69%
Candice Cody 3
69%
Jaclyn Schultz 1
69%
Jane Bright 1
69%
Jeremiah Wood 1
69%
Julia Landauer 1
69%
Julia Sokolowski 1
69%
Shirin Oskooi 2
69%
Taylor Stocker 1
69%
Albert Destrade 1
67%
Chrissy Hofbeck 1
67%
Cydney Gillon 1
67%
Eddie Fox 1
67%
Figgy Figueroa 1
67%
Julie McGee 1
67%
Julie Rosenberg 1
67%
Julie Wolfe 1
67%
Kimmi Kappenberg 2
67%
Lauren Beck 1
67%
Lauren O'Connell 1
67%
Lauren Rimmer 1
67%
Marissa Peterson 1
67%
Matthew "Sash" Lenehan 1
67%
Rick Nelson 1
67%
Ryan Ulrich 1
67%
Alexis Maxwell 1
66%
Davie Rickenbacker 1
66%
Gabby Pascuzzi 1
66%
Jason Linden 1
66%
Leif Manson 1
66%
Survivor: San Juan del Sur Nadiya Anderson 1
66%
Pete Yurkowski 1
66%
Survivor: Ghost Island Stephanie Gonzalez 1
66%
Yul Kwon 2 1
66%
Angelina Keely 1
64%
Carolyn Rivera 1
64%
Corinne Kaplan 2
64%
Drew Christy 1
64%
Holly Hoffman 1
64%
RC Saint-Amour 1
64%
Stephanie Johnson 1
64%
Stephanie Valencia 1
64%
Alison Raybould 1
62%
Angie Layton 1
62%
Jimmy Johnson 1
62%
Josh Canfield 1
62%
Survivor: David vs. Goliath Pat Cusack 1
62%
Paul Wachter 1
62%
Wendy Diaz 1
62%
Survivor: Nicaragua Wendy Jo Desmidt-Kohlhoff 1
62%
Angela Perkins 1
61%
Artis Silvester 1
61%
Carl Boudreaux 1
61%
Devon Pinto 1
61%
Jimmy Tarantino 1
61%
Neal Gottlieb 1
61%
Ralph Kiser 1
61%
Reynold Toepfer 1
61%
Rodney Lavoie Jr. 1
61%
Bill Posley 1
59%
Gavin Whitson 1
59%
Natalia Azoqa 1
59%
Survivor: Philippines Zane Knight 1
59%
Carter Williams 1
57%
Dean Kowalski 1
57%
Donathan Hurley 1
57%
Marty Piombo 1
57%
NaOnka Mixon 1
57%
Peih-Gee Law 2
57%
Peter Baggenstos 1
57%
Terry Deitz 2
57%
James Lim 1
56%
Joaquin Souberbielle 1
56%
Max Dawson 1
56%
Elizabeth Beisel 1
54%
Survivor: Edge of Extinction Reem Daly 1
54%
Ron Clark 1
54%
Vince Moua 1
54%
Vince Sly 1
54%
Whitney Duncan 1
54%
Aurora McCreary 1
52%
Elizabeth Olson 1
52%
Noura Salman 1
52%
Victoria Baamonde 1
52%
Alecia Holden 1
51%
Grant Mattos 1
51%
Hope Driskill 1
51%
Jenna Bowman 1
51%
Survivor: One World Kourtney Moon 1
51%
Lucy Huang 1
51%
Shamar Thomas 1
51%
Anna Khait 1
49%
Desi Williams 1
49%
Jacob Derwin 1
49%
Jonas Otsuji 1
49%
Lyrsa Torres 1
49%
Matthew Elrod 1
49%
Mikayla Wingle 1
49%
Steve Wright 1
49%
Wardog DaSilva 1
49%
Survivor: Kaoh Rong Darnell Hamilton 1
48%
Janet Carbin 1
48%
JP Hilsabeck 1
48%
Kellyn Bechtold 1
48%
Mark "Papa Bear" Caruso 1
48%
Roxy Morris 1
48%
Sebastian Noel 1
48%
Cole Medders 1
46%
Eric Hafemann 1
46%
Jack Nichting 1
46%
Nina Acosta 1
46%
Nina Poersch 1
46%
Patrick Bolton 1
46%
Christine Shields-Markoski 1
44%
Survivor: South Pacific Semhar Tadesse 1
44%
Stacey Powell 1
44%
Tyler Fredrickson 1
44%
Dana Lambert 1
43%
Jamal Shipman 1
43%
Liz Markham 1
43%
Shannon Elkins 1
43%
Aaron Meredith 1
41%
Alan Ball 1
41%
Bradley Kleihege 1
41%
Karishma Patel 1
41%
Roark Luskin 1
41%
Desiree Afuye 1
39%
Elaine Stott 1
39%
Jennifer Lanzetti 1
38%
Survivor: Heroes vs. Healers vs. Hustlers Katrina Radke 1
38%
Tyrone Davis 1
38%
Yve Rojas 1
38%
Brendan Shapiro 1
36%
Elyse Umemoto 1
36%
Libby Vincek 1
36%
Allie Pohevitz 1
34%
Krista Klumpp 1
34%
Sarita White 1
34%
Jill Behm 1
33%
Survivor: Island of the Idols Ronnie Bardah 1
33%
Alina Wilson 1
31%
Simone Nguyen 1
30%
Molly Byman 1
28%
No matching quizzes found
Score Distribution
Percent of People with Each Score
Percentile by Number Answered
Your Score History
You have not taken this quiz since the last reset